• 首页
  • 本馆介绍
  • 公告通知
  • 最新文献
  • 馆藏检索
  • 电子资源
  • 读者导购
  • 参考咨询
  • 我的图书馆
  • 登录
  • 详细信息显示
  • 放入我的书架
  • 预约/预借图书
  • 作者相关作品
  • 分类相关作品
  • 丛书相关作品
  • 出版社相关作品

书目信息

  • 表格格式
  • 工作单格式
  • 卡片格式
题名:
世界历史
    
 
作者: ;人民教育出版社历史室 编著
分册: 第二册  
出版信息: 北京   人民教育出版社  1995
页数: 157页
开本: 26cm
丛书名:
单 册:
中图分类: G634.52 , G634.521
科图分类:
主题词: 世界史课--初中--教材
电子资源:
ISBN: 7-107-11390-9
000 00872nam0 2200253 450
001 CAL 012000505227
005 20070609111757.56
010    @a7-107-11390-9@dCNY8.65
100    @a19970310e1995 ekmy0chiy0120 ea
101 0  @achi
102    @aCN@b110000
105    @aabfkz 000yy
200 1  @a世界历史@Ashi jie li shi@h第二册@f人民教育出版社历史室编著@Fren min jiao yu chu ban she li shi shi bian zhu
210    @a北京@c人民教育出版社@d1995
215    @a157页@c图@d26cm
300    @a九年义务教育三年制初级中学教科书
300    @a经国家教委中小学教材审定委员会审查试用
314    @a本书由人民教育出版社历史室编著,王宏志、严志梁主编。
606 0  @a世界史课@x初中@j教材
690    @aG634.52@v3
690    @aG634.521@v4
711 02 @a人民教育出版社历史室@Aren min jiao yu chu ban she li shi shi@4编著
801  0 @aCN@bPFT@c20070609
905    @a10447@dG634.52@e507:2
    
    世界历史.第二册/人民教育出版社历史室编著.-北京:人民教育出版社,1995
    157页:图;26cm
    九年义务教育三年制初级中学教科书.-经国家教委中小学教材审定委员会审查试用
    
    ISBN 7-107-11390-9:CNY8.65
    
●
相关链接 在E读中查询图书 在五车中查询图书 在当当中查询图书 在豆瓣中查询图书


正题名:世界历史     索取号:G634.52/507:2         预约/预借

序号 登录号 条形码 馆藏地/架位号 状态 备注
1 0408407   204084070   密集书库/ [索取号:G634.52/507:2] 在馆    
2 0408408   204084089   密集书库/ [索取号:G634.52/507:2] 在馆    
3 0408409   204084098   密集书库/ [索取号:G634.52/507:2] 在馆    
4 0408410   204084105   密集书库/ [索取号:G634.52/507:2] 在馆    
5 0408411   204084114   密集书库/ [索取号:G634.52/507:2] 在馆    
6 0408412   204084123   密集书库/ [索取号:G634.52/507:2] 在馆    
7 0408413   204084132   密集书库/ [索取号:G634.52/507:2] 在馆    
8 0408414   204084141   密集书库/ [索取号:G634.52/507:2] 在馆    
9 0408415   204084150   密集书库/ [索取号:G634.52/507:2] 在馆    
10 0408416   204084169   密集书库/ [索取号:G634.52/507:2] 在馆    
11 0408417   204084178   密集书库/ [索取号:G634.52/507:2] 在馆    
12 0408418   204084187   密集书库/ [索取号:G634.52/507:2] 在馆    
13 0408419   204084196   密集书库/ [索取号:G634.52/507:2] 在馆    
14 0408420   204084203   密集书库/ [索取号:G634.52/507:2] 在馆    
15 0408421   204084212   密集书库/ [索取号:G634.52/507:2] 在馆    
16 0408422   204084221   密集书库/ [索取号:G634.52/507:2] 在馆    
17 0408423   204084230   密集书库/ [索取号:G634.52/507:2] 在馆    
18 0408424   204084249   密集书库/ [索取号:G634.52/507:2] 在馆    
19 0408425   204084258   密集书库/ [索取号:G634.52/507:2] 在馆    
20 0408426   204084267   密集书库/ [索取号:G634.52/507:2] 在馆    
21 0408427   204084276   密集书库/ [索取号:G634.52/507:2] 在馆    
22 0408428   204084285   密集书库/ [索取号:G634.52/507:2] 在馆    
23 0408429   204084294   密集书库/ [索取号:G634.52/507:2] 在馆    
24 0408430   204084301   密集书库/ [索取号:G634.52/507:2] 在馆    
25 0408431   204084310   密集书库/ [索取号:G634.52/507:2] 在馆    
26 0408432   204084329   密集书库/ [索取号:G634.52/507:2] 在馆    
27 0408433   204084338   密集书库/ [索取号:G634.52/507:2] 在馆    
28 0408434   204084347   密集书库/ [索取号:G634.52/507:2] 在馆    
29 0408435   204084356   密集书库/ [索取号:G634.52/507:2] 在馆    
30 0408436   204084365   密集书库/ [索取号:G634.52/507:2] 在馆    
31 0408437   204084374   密集书库/ [索取号:G634.52/507:2] 在馆    
32 0408438   204084383   密集书库/ [索取号:G634.52/507:2] 在馆    
33 0408439   204084392   密集书库/ [索取号:G634.52/507:2] 在馆    
34 0408440   204084409   密集书库/ [索取号:G634.52/507:2] 在馆    
35 0408441   204084418   密集书库/ [索取号:G634.52/507:2] 在馆    
36 0408442   204084427   密集书库/ [索取号:G634.52/507:2] 在馆    
37 0408443   204084436   密集书库/ [索取号:G634.52/507:2] 在馆    
38 0408444   204084445   密集书库/ [索取号:G634.52/507:2] 在馆    
39 0408445   204084454   密集书库/ [索取号:G634.52/507:2] 在馆    
40 0515219   205152190   第一样本阅览室/ [索取号:G634.52/507:2] 在馆    
41 0515220   205152207   密集书库/ [索取号:G634.52/507:2] 在馆    
42 0515221   205152216   密集书库/ [索取号:G634.52/507:2] 在馆    
43 0515222   205152225   密集书库/ [索取号:G634.52/507:2] 在馆    
44 0515223   205152234   密集书库/ [索取号:G634.52/507:2] 在馆    
45 0515224   205152243   密集书库/ [索取号:G634.52/507:2] 在馆    
46 0515225   205152252   密集书库/ [索取号:G634.52/507:2] 在馆    
47 0515226   205152261   密集书库/ [索取号:G634.52/507:2] 在馆    
48 0515227   205152270   密集书库/ [索取号:G634.52/507:2] 在馆    
49 0515228   205152289   密集书库/ [索取号:G634.52/507:2] 在馆    
唐山师范学院图书馆 欢迎您!
大连网信软件有限公司© 版权所有